| 000 | 01282nam a22002295i 4500 | ||
|---|---|---|---|
| 001 | 48142 | ||
| 003 | ES-MaACL | ||
| 005 | 20250929063114.0 | ||
| 007 | t| | ||
| 008 | 950706m18271828fr ||||1| fre d | ||
| 040 |
_aCAM _bspa _cCAM |
||
| 100 | 1 |
_aChampollion, Jean-François, _d1790-1832 _937931 |
|
| 245 | 1 | 0 |
_aPrécis du système hiéroglyphique des anciens égyptiens ou recherches sur les élémens premiers de cette écriture sacrée sur leurs diverses combinaisons, et sur les rapports de ce systéme avec les autres méthodes graphiques égyptiennes / _cpar M. Champollion le Jeune. |
| 250 | _a2ª édition... augmentée de la lettre à M. Dacier relative à l'alphabet des hiéroglyphes phonétiques employés par les Égyptiens sur leurs monumens de l'époque grecque et de l'époque romaine,... avec un volume de planches. | ||
| 260 |
_a[Paris] : _bL'Imprimerie Royale, _c1827-1828. |
||
| 300 |
_a1 vol. en 2 t. (XXIV, 468), (48, 21-[11]-III-VI , láminas fuera del texto, 7 h. pleg.) ; _c23 cm. |
||
| 500 | _aLa portada del segundo tomo, el de planchas, tiene la fecha de 1827. | ||
| 500 | _aLas láminas son reproducciones de los jeroglíficos. | ||
| 650 | 4 |
_aJeroglíficos egipcios. _913940 |
|
| 852 |
_aES-MaACL _jG-11909 |
||
| 999 |
_c48142 _d48142 |
||